000 00363 a2200133 4500
000 nam a22 7a 4500
100 _aDevagi, Sanmugam
110 _aDevagi, Sanmugam
245 _aIndian Heritage Cooking
250 _aLatest edition
260 _bMarshall Cavendish International
_c2021
264 _bMarshall Cavendish International
_c2021
942 _cBK
999 _c395643
_d395643